| 000 | 00888nas a2200301 4500 | ||
|---|---|---|---|
| 001 | BR0501102 | ||
| 003 | BR-BrBNA | ||
| 005 | 20231205105226.0 | ||
| 007 | ta | ||
| 008 | 230509b bl.|||p| |||| 00| 00por d | ||
| 040 |
_aBR-BrBNA _bpor _cBiblioteca Nacional de Agricultura |
||
| 041 | _a(Pt) | ||
| 072 | _aC30 | ||
| 100 | 1 | _aMarchioni, D.M.L. | |
| 100 | 1 | _aSlater, B. | |
| 100 | 1 | _aFisberg, R.M. | |
| 245 | 1 | _aO estudo da dieta: considerações metodológicas | |
| 650 | _aDIETA | ||
| 650 | _aBALANCEAMENTO | ||
| 650 | _aPADRÃO DE ALIMENTO | ||
| 650 | _aEXIGÊNCIA NUTRICIONAL | ||
| 650 | _aMÉTODO | ||
| 650 | _aEPIDEMIOLOGIA | ||
| 650 | _aSÃO PAULO | ||
| 773 | 0 |
_tCadernos de Debate do Núcleo de Estudos e Pesquisas em Alimentação (Brazil) _xISSN 1413-4136 _g(2003), v. 10 p. 62-76 _wBR0501102 |
|
| 909 |
_a202311 _bLúcia _c55 _dLúcia Elande |
||
| 942 |
_2AGRIS _n0 _cANA |
||
| 999 |
_c181857 _d181857 |
||